Technique for adjutants /

Bibliographic Details
Main Author: Chester, Arthur Malbridge, 1903-
Format: Book
Language:English
Published: Washington : Combat Forces Press, 1951.
Edition:1st ed.
Subjects:

MARC

Tag First Indicator Second Indicator Subfields
LEADER 00000cam a2200000 4500
001 in00000066275
005 20151008051852.0
008 750715s1951 dcu 00000 eng u
010 |a  51034059  
035 |a (OCoLC)01447810 
035 |9 AAH0448AM 
040 |c JPL  |d TXA  |d UtOrBLW 
049 |a TXAS [mil] 
050 0 0 |a UB173  |b .C5 1951a 
082 0 |a 355.61 
092 |a 355.61  |b C525t 
100 1 |a Chester, Arthur Malbridge,  |d 1903- 
245 1 0 |a Technique for adjutants /  |c by Major Arthur M. Chester. 
250 |a 1st ed. 
264 1 |a Washington :  |b Combat Forces Press,  |c 1951. 
300 |a v, 98 pages ;  |c 23 cm. 
336 |a text  |b txt  |2 rdacontent 
337 |a unmediated  |b n  |2 rdamedia 
338 |a volume  |b nc  |2 rdacarrier 
500 |a First issued in mimeographed form in 1951 under title: Techniques for adjutants. 
610 1 0 |a United States.  |b Adjutant-General's Office. 
610 1 0 |a United States.  |b Army  |v Records and correspondence. 
650 0 |a Military administration. 
999 |a MARS 
999 f f |s e404fe47-1df8-3642-962d-96798e498103  |i 1db61bb3-77a4-3577-91cb-be5644aee9e9  |t 0 
952 f f |p noncirc  |a Texas A&M University  |b College Station  |c Cushing Memorial Library & Archives  |d Cushing: Ragan Military (Does not check out)  |t 0  |e UB173 .C5 1951a  |h Library of Congress classification  |i unmediated -- volume 
998 f f |a UB173 .C5 1951a  |t 0  |l Cushing: Ragan Military (Does not check out)